[Event "4th Sunway Formentera Op"]
[Site "Sant Ferran de ses Roques ESP"]
[Date "2025.05.03"]
[Round "5.6"]
[White "Fernandez Vazquez, Jorge"]
[Black "Lasinskas, Povilas"]
[Result "0-1"]
[BlackTitle "FM"]
[WhiteElo "1991"]
[BlackElo "2105"]
[WhiteFideId "22222294"]
[BlackFideId "12800503"]
[EventDate "2025.04.29"]

1. c4 Nf6 2. g3 e6 3. Bg2 d5 4. Nf3 Be7 5. O-O O-O 6. b3 b6 7. d4 Bb7 8. Nc3 Na6
9. Ne5 c5 10. dxc5 Nxc5 11. cxd5 exd5 12. Nf3 Nfe4 13. Bb2 Bf6 14. Rc1 Re8 15.
Nd4 Qd7 16. b4 Nxc3 17. Bxc3 Ne4 18. Bb2 Rac8 19. e3 h6 20. b5 Rxc1 21. Qxc1 Rc8
22. Qd1 Nd6 23. a4 a6 24. Qh5 Rc4 25. Bh3 Qc7 26. bxa6 Bxa6 27. Ra1 Rb4 28. Rc1
Bc4 29. Ba3 Rxa4 30. Bb2 Ra2 31. Bc3 Ne4 32. Be1 Bxd4 33. exd4 Ng5 34. Bg4 Qe7
35. h4 Ne4 36. Bf3 Nxg3 37. Qg4 Ne2+ 38. Bxe2 Rxe2 39. Bc3 Re4 40. Qc8+ Kh7 41.
Bb4 Qf6 42. Rxc4 dxc4 43. d5 Re2 0-1

[Event "4th Sunway Formentera Op"]
[Site "Sant Ferran de ses Roques ESP"]
[Date "2025.05.03"]
[Round "5.7"]
[White "Kogan, Arthur"]
[Black "Hirth, Julien"]
[Result "1-0"]
[WhiteTitle "GM"]
[WhiteElo "2484"]
[BlackElo "2062"]
[WhiteFideId "2800802"]
[BlackFideId "636606"]
[EventDate "2025.04.29"]

1. e4 d6 2. d4 Nf6 3. Nc3 e5 4. Nf3 Nbd7 5. h3 Be7 6. g4 h6 7. Be3 c6 8. Bg2 b5
9. a3 a6 10. Qe2 Bb7 11. Nd2 a5 12. f4 b4 13. Nd1 Ba6 14. Qf3 O-O 15. a4 Re8 16.
dxe5 dxe5 17. f5 Nh7 18. Bf2 Bh4 19. Bf1 Nc5 20. Bxa6 Rxa6 21. Bxh4 Qxh4+ 22.
Nf2 Rd8 23. Qe3 Qg5 24. Qxg5 Nxg5 25. h4 Nh7 26. Ke2 Nf6 27. b3 Nfd7 28. Nf3
Raa8 29. g5 h5 30. Rad1 Nb6 31. Rxd8+ Rxd8 32. Nxe5 Nd5 33. Nxc6 Nc3+ 34. Ke3
Re8 35. e5 Nd5+ 36. Kd4 Ne7 37. Nxe7+ Rxe7 38. Kxc5 Rxe5+ 39. Kb6 Rxf5 40. Ne4
Rf4 41. Nd6 f6 42. Kxa5 1-0

[Event "4th Sunway Formentera Op"]
[Site "Sant Ferran de ses Roques ESP"]
[Date "2025.05.03"]
[Round "5.9"]
[White "Aishwin, Daniel"]
[Black "Avyaay Garg"]
[Result "1/2-1/2"]
[WhiteTitle "CM"]
[WhiteElo "2236"]
[BlackElo "1908"]
[WhiteFideId "25037714"]
[BlackFideId "33413118"]
[EventDate "2025.04.29"]

1. e4 e5 2. Nf3 Nc6 3. Bc4 Bc5 4. d3 Nf6 5. c3 d6 6. b4 Bb6 7. a4 a6 8. O-O h6
9. Qb3 O-O 10. Nbd2 Qe7 11. Bb2 Be6 12. Rfe1 Nh5 13. d4 Bxc4 14. Nxc4 Ba7 15. b5
Nd8 16. dxe5 dxe5 17. Ncxe5 Ne6 18. Rad1 Rfd8 19. bxa6 Rxd1 20. Rxd1 bxa6 21.
Ba3 Qe8 22. g3 Rd8 23. Rxd8 Qxd8 24. Qd5 Qb8 25. Ng6 Nf6 26. Ne7+ Kh8 27. Qd3
Qb6 28. Nd4 Nxd4 29. cxd4 Qxd4 30. Qxd4 Bxd4 31. Nc6 Bc3 32. f3 Nd7 33. Be7 Nb6
34. a5 Nc4 35. Nb8 Bxa5 36. Nxa6 Kh7 37. Kf2 1/2-1/2